Sports Quiz

Random Sports or NBA Quiz

NBA 50+ Points @ MSG Quiz Stats

 Plays Quiz not verified by Sporcle

Score 0/26 Timer 04:00
0 Plays Today
Date Player % Correct
March 28, 1995Michael Jordan
95.7%
Jan. 23, 2019James Harden
95.7%
Nov. 1, 1986Michael Jordan
95.7%
Jan. 24, 2014Carmelo Anthony
93.6%
Nov. 16, 1962 Wilt Chamberlain
89.4%
Jan. 29, 1963Wilt Chamberlain
89.4%
Feb. 21, 1960Wilt Chamberlain
89.4%
Dec. 25, 1961Wilt Chamberlain
89.4%
Dec. 15, 1964Wilt Chamberlain
89.4%
Jan. 30, 1962Wilt Chamberlain
89.4%
Feb. 2, 2009Kobe Bryant
87.2%
Feb. 4, 2009LeBron James
85.1%
March 5, 2008LeBron James
85.1%
Date Player % Correct
March 24, 1990Patrick Ewing
70.2%
Dec. 1, 1990Patrick Ewing
70.2%
Dec. 25, 1984Bernard King
63.8%
Feb. 16, 1985Bernard King
63.8%
Feb. 27, 2013Steph Curry
63.8%
Nov. 24, 1984Bernard King
63.8%
Nov. 15, 1960Elgin Baylor
51.1%
Dec. 14, 1965Rick Barry
34%
March 16, 2003Alan Houston
29.8%
Dec. 27, 2006Richard Hamilton
21.3%
Dec. 11, 1959Richie Guerin
17%
Jan, 26, 2007Jamal Crawford
17%
Feb. 14, 1962Richie Guerin
17%

You're not logged in!

Compare scores with friends on all Sporcle quizzes.
OR
Log In

Sporcle TV

Today on Sporcle TV


Watch our educational content, quiz creation guides, and fun videos on Sporcle TV.

Show Comments

Extras

Top Quizzes Today


Score Distribution

Your Account Isn't Verified!

In order to create a playlist on Sporcle, you need to verify the email address you used during registration. Go to your Sporcle Settings to finish the process.

Report this User

Report this user for behavior that violates our Community Guidelines.

Details: